Danish exporters 2006.
| Corporate Author: | |
|---|---|
| Format: | Book |
| Published: |
Virum:
Kraks Forlag AS,
2005.
|
| Subjects: |
| LEADER | 00483cam a2200145 7i4500 | ||
|---|---|---|---|
| 001 | 0000017100 | ||
| 005 | 20060303090000.0 | ||
| 090 | 0 | 0 | |a CD 382.6025 |b MIN [DENM] |
| 110 | 2 | 0 | |a Ministry of Foreign Affairs of Denmark |
| 245 | 2 | 0 | |a Danish exporters 2006. |
| 260 | 0 | 0 | |a Virum: |b Kraks Forlag AS, |c 2005. |
| 300 | # | # | |a Electronic computer optical disc (CD-ROM). |
| 650 | 0 | 0 | |a Exporters -- |x Directories -- |z Denmark |
| 651 | 0 | 0 | |a Denmark |
| 999 | |a CDR000525H |b CD-ROM |c AV Collection |e Business Information Centre | ||